[Event "Iberoamerican-ch 9th"]
[Site "Panama City"]
[Date "2023.11.30"]
[Round "7"]
[White "Esquivel Golcher, Luis Enrique"]
[Black "Soto, Miguel Angel"]
[Result "0-1"]
[WhiteElo "2108"]
[BlackElo "2359"]
[PlyCount "42"]
[EventDate "2023.11.25"]
[EventType "swiss"]
[EventRounds "9"]
[EventCountry "PAN"]
[SourceTitle "CB49_2023"]
[SourceDate "2023.12.06"]
[SourceVersion "1"]
[SourceVersionDate "2023.12.06"]
[SourceQuality "1"]

1. e4 c5 2. Nf3 d6 3. d4 cxd4 4. Nxd4 Nf6 5. Nc3 g6 6. Be3 Bg7 7. Be2 Nc6 8. Qd2 Bd7 9. 0-0-0 Rc8 10. h4 h5 11. Kb1 a6 12. f3 Ne5 13. g4 hxg4 14. f4 Nc6 15. Nxc6 Bxc6 16. Bd4 e5 17. fxe5 dxe5 18. Bxe5 Qxd2 19. Rxd2 Nxe4 20. Bxg7 Nxd2+ 21. Kc1 Bxh1 0-1

[Event "Iberoamerican-ch 9th"]
[Site "Panama City"]
[Date "2023.11.26"]
[Round "3"]
[White "Almeida Quintana, Omar"]
[Black "Soto, Miguel Angel"]
[Result "1-0"]
[WhiteElo "2509"]
[BlackElo "2359"]
[PlyCount "97"]
[EventDate "2023.11.25"]
[EventType "swiss"]
[EventRounds "9"]
[EventCountry "PAN"]
[SourceTitle "CB49_2023"]
[SourceDate "2023.12.06"]
[SourceVersion "1"]
[SourceVersionDate "2023.12.06"]
[SourceQuality "1"]

1. d4 Nf6 2. Nf3 g6 3. Bf4 Bg7 4. e3 0-0 5. h3 c5 6. Nbd2 b6 7. a4 Nc6 8. c3 Bb7 9. Be2 d5 10. 0-0 Nd7 11. Qb3 e5 12. dxe5 Ndxe5 13. Rfd1 Qe7 14. Nxe5 Nxe5 15. Nf3 Nd7 16. a5 c4 17. Qa4 Nc5 18. Qb4 Qe6 19. Nd4 Qf6 20. Qb5 Ne6 21. Nxe6 Qxe6 22. Bg4 Qc6 23. Qxc6 Bxc6 24. Bd6 Rfe8 25. Bf3 Rad8 26. Bxd5 Bxd5 27. Rxd5 bxa5 28. Raxa5 Bf8 29. Bxf8 Kxf8 30. Rxd8 Rxd8 31. Rxa7 Rd1+ 32. Kh2 Rd2 33. Kg3 h5 34. h4 Rxb2 35. Rc7 Rc2 36. Rxc4 Kg7 37. Rc6 Kf8 38. e4 Ke7 39. f3 Kd7 40. Rc4 Ke6 41. Kh3 Ke5 42. Rc7 f5 43. exf5 gxf5 44. Rc5+ Kf6 45. Kg3 Ke6 46. c4 Rc3 47. Kf4 Rc2 48. g3 Rc3 49. Re5+ 1-0

[Event "Medellin Easter op 11th"]
[Site "Medellin"]
[Date "2023.04.08"]
[Round "5"]
[White "Laverde, Luis Eduardo"]
[Black "Soto, Miguel Angel"]
[Result "0-1"]
[WhiteElo "1973"]
[BlackElo "2352"]
[PlyCount "62"]
[EventDate "2023.04.05"]
[EventType "swiss"]
[EventRounds "7"]
[EventCountry "COL"]
[SourceTitle "CBM 213 Extra"]
[Source "ChessBase"]
[SourceDate "2023.05.31"]
[SourceVersion "1"]
[SourceVersionDate "2023.05.31"]
[SourceQuality "1"]

1. e4 c5 2. Nc3 Nc6 3. f4 g6 4. Bc4 Bg7 5. Nf3 e6 6. 0-0 Nge7 7. d3 d5 8. exd5 exd5 9. Bb3 0-0 10. Bd2 Bg4 11. Qe1 Bxf3 12. Rxf3 c4 13. dxc4 dxc4 14. Ba4 Nd4 15. Rh3 b5 16. Bxb5 Nxb5 17. Nxb5 Qb6+ 18. Kh1 Nf5 19. a4 a6 20. Ba5 Qb7 21. Nc3 Qxb2 22. Rb1 Qxc2 23. Rc1 Rfe8 24. Qg1 Qd2 25. Rd1 Qxf4 26. Nd5 Qg4 27. Rf3 Re2 28. Rf4 Qg5 29. Rxc4 Rae8 30. Nf4 Ne3 31. Bd8 Nxd1 0-1

[Event "Medellin Easter op 11th"]
[Site "Medellin"]
[Date "2023.04.06"]
[Round "3"]
[White "Perez Lujan, Mateo"]
[Black "Soto, Miguel Angel"]
[Result "0-1"]
[WhiteElo "1917"]
[BlackElo "2352"]
[PlyCount "92"]
[EventDate "2023.04.05"]
[EventType "swiss"]
[EventRounds "7"]
[EventCountry "COL"]
[SourceTitle "CBM 213 Extra"]
[Source "ChessBase"]
[SourceDate "2023.05.31"]
[SourceVersion "1"]
[SourceVersionDate "2023.05.31"]
[SourceQuality "1"]

1. e4 c5 2. Nf3 d6 3. d4 cxd4 4. Nxd4 Nf6 5. Nc3 g6 6. Be3 Bg7 7. f3 0-0 8. Qd2 Nc6 9. 0-0-0 d5 10. exd5 Nxd5 11. Nxc6 bxc6 12. Bd4 e5 13. Bc5 Be6 14. Ne4 Re8 15. h4 h6 16. g4 Qc7 17. g5 h5 18. Bd6 Qb7 19. c4 Nf4 20. Nf6+ Bxf6 21. gxf6 Rad8 22. Qe3 Bf5 23. Rh2 Qa6 24. a3 Bd3 25. Rxd3 Nxd3+ 26. Qxd3 c5 27. Rg2 Kh7 28. Qd5 Rd7 29. Rd2 Re6 30. Qxe6 fxe6 31. Be7 Rxd2 32. Kxd2 Qb7 33. Ke3 Kg8 34. b4 cxb4 35. axb4 Qd7 36. Bd3 Kf7 37. b5 Qd4+ 38. Ke2 Qxh4 39. c5 Qh2+ 40. Ke3 Qf4+ 41. Ke2 h4 42. c6 e4 43. Bxe4 h3 44. Bd8 h2 45. c7 h1Q 46. c8Q Qg2+ 0-1

[Event "Medellin Easter op 11th"]
[Site "Medellin"]
[Date "2023.04.05"]
[Round "1"]
[White "Manrique Bermudez, Josue"]
[Black "Soto, Miguel Angel"]
[Result "0-1"]
[WhiteElo "1468"]
[BlackElo "2352"]
[PlyCount "64"]
[EventDate "2023.04.05"]
[EventType "swiss"]
[EventRounds "7"]
[EventCountry "COL"]
[SourceTitle "CBM 213 Extra"]
[Source "ChessBase"]
[SourceDate "2023.05.31"]
[SourceVersion "1"]
[SourceVersionDate "2023.05.31"]
[SourceQuality "1"]

1. d4 Nf6 2. c4 g6 3. Nc3 d5 4. cxd5 Nxd5 5. e4 Nxc3 6. bxc3 Bg7 7. Bc4 c5 8. Be3 Qa5 9. Ne2 cxd4 10. Bxd4 Bxd4 11. Qxd4 0-0 12. 0-0 Nc6 13. Qe3 b6 14. Rad1 Ba6 15. Bxa6 Qxa6 16. Rd2 Ne5 17. Nf4 e6 18. Qg3 Nc4 19. Rd7 Qb5 20. Rfd1 Qe5 21. R1d4 Rac8 22. h4 a5 23. h5 g5 24. R7d5 exd5 25. Rxd5 Qf6 26. Rxg5+ Kh8 27. Nd5 Qe6 28. Qf4 f5 29. Ne3 Qxe4 30. Qg3 Nxe3 31. fxe3 Rce8 32. Kf2 f4 0-1

[Event "Medellin Aristizabal Cup"]
[Site "Medellin"]
[Date "2022.07.10"]
[Round "5"]
[White "Soto, Cristian Camilo"]
[Black "Soto, Miguel Angel"]
[Result "1/2-1/2"]
[WhiteElo "2194"]
[BlackElo "2346"]
[PlyCount "77"]
[EventDate "2022.07.08"]
[EventType "swiss"]
[EventRounds "7"]
[EventCountry "COL"]
[SourceTitle "CBM 209 Extra"]
[Source "ChessBase"]
[SourceDate "2022.09.30"]
[SourceVersion "1"]
[SourceVersionDate "2022.09.30"]
[SourceQuality "1"]

1. c4 Nf6 2. Nc3 d5 3. cxd5 Nxd5 4. e4 Nxc3 5. dxc3 Qxd1+ 6. Kxd1 e5 7. Be3 Be6 8. Nf3 f6 9. Nd2 Nd7 10. Bc4 Bxc4 11. Nxc4 0-0-0 12. Kc2 Bc5 13. b4 Bxe3 14. Nxe3 Nf8 15. Rad1 Re8 16. Rd2 Ne6 17. Rhd1 h5 18. h4 g6 19. g3 Rhf8 20. Rd5 c6 21. R5d2 Re7 22. a4 a5 23. bxa5 Nc5 24. Nc4 Kc7 25. Nb6 Rg8 26. f3 f5 27. Kb2 fxe4 28. fxe4 Nxe4 29. Rd7+ Rxd7 30. Rxd7+ Kb8 31. Re7 Nxg3 32. Nd7+ Ka8 33. a6 bxa6 34. Nxe5 Nf5 35. Rh7 Rg7 36. Rxg7 Nxg7 37. Nxg6 Kb7 38. Kb3 Kb6 39. Kb4 1/2-1/2

[Event "Medellin Easter op 10th"]
[Site "Medellin"]
[Date "2022.04.16"]
[Round "7"]
[White "Soto, Miguel Angel"]
[Black "Valderrama Quiceno, Esteban Alberto"]
[Result "0-1"]
[WhiteElo "2367"]
[BlackElo "2445"]
[PlyCount "94"]
[EventDate "2022.04.13"]
[EventType "swiss"]
[EventRounds "8"]
[EventCountry "COL"]
[SourceTitle "CBM 207 Extra"]
[Source "ChessBase"]
[SourceDate "2022.05.31"]
[SourceVersion "1"]
[SourceVersionDate "2022.05.31"]
[SourceQuality "1"]

1. e4 g6 2. d4 Bg7 3. Nf3 c6 4. c3 d6 5. Bc4 Nf6 6. e5 Nd5 7. 0-0 0-0 8. Bxd5 cxd5 9. Bf4 dxe5 10. Bxe5 f6 11. Bg3 Nc6 12. Re1 Re8 13. Na3 e5 14. dxe5 fxe5 15. Bh4 Qd7 16. Qb3 e4 17. Nd2 Qf7 18. Nb5 Be5 19. Bg3 Bxg3 20. fxg3 Rd8 21. c4 a6 22. Rf1 Qg7 23. Nc3 Qd4+ 24. Kh1 Qxd2 25. cxd5 Ne5 26. Qb6 Bf5 27. Nxe4 Nc4 28. Nf6+ Kg7 29. Qc7+ Kxf6 30. Qxc4 Kg7 31. Qc7+ Rd7 32. Qe5+ Kg8 33. g4 Rxd5 34. Qe7 Rd7 35. Qe5 Bxg4 36. h3 Bf5 37. g4 Rd5 38. Qe7 Rd3 39. Rxf5 Rxh3+ 40. Kg1 Rg3+ 41. Kf1 Qg2+ 42. Ke1 Qg1+ 43. Ke2 Rg2+ 44. Kd3 Rg3+ 45. Ke2 Qg2+ 46. Rf2 Qd5 47. Rh1 Qd3+ 0-1

[Event "COL-chT"]
[Site "Medellin"]
[Date "2021.12.09"]
[Round "2.4"]
[White "Fonseca Pinto, Carlos Arturo"]
[Black "Soto, Miguel Angel"]
[Result "0-1"]
[WhiteElo "2060"]
[BlackElo "2371"]
[PlyCount "68"]
[EventDate "2021.12.09"]
[EventType "team-swiss"]
[EventRounds "6"]
[EventCountry "COL"]
[SourceTitle "CBM 205 Extra"]
[Source "ChessBase"]
[SourceDate "2022.01.31"]
[SourceVersion "1"]
[SourceVersionDate "2022.01.31"]
[SourceQuality "1"]
[WhiteTeam "Boyaca"]
[BlackTeam "Liga de Antioquia"]
[WhiteTeamCountry "COL"]
[BlackTeamCountry "COL"]

1. e4 c5 2. Nf3 d6 3. Bb5+ Nd7 4. c3 Ngf6 5. Qe2 a6 6. Ba4 b5 7. Bc2 e5 8. 0-0 Be7 9. d4 0-0 10. Bg5 Re8 11. Rd1 Qc7 12. dxe5 dxe5 13. Nbd2 h6 14. Bh4 Nh5 15. Bxe7 Nf4 16. Qf1 Rxe7 17. g3 Ne6 18. a4 Rb8 19. axb5 axb5 20. Qd3 c4 21. Qe2 Nec5 22. Nf1 Nf6 23. Ne3 Be6 24. Nd5 Bxd5 25. exd5 Qd6 26. Nh4 g6 27. Qf3 Kg7 28. Ng2 e4 29. Qf4 Re5 30. f3 Nd3 31. Bxd3 exd3 32. Ne3 Rbe8 33. Kg2 Nxd5 34. Nxd5 Qxd5 0-1

[Event "COL-ch Blitz"]
[Site "Villavicencio"]
[Date "2021.11.15"]
[Round "9"]
[White "Herrera, Juan Sebastian"]
[Black "Soto, Miguel Angel"]
[Result "1-0"]
[WhiteElo "2327"]
[BlackElo "2187"]
[PlyCount "119"]
[EventDate "2021.11.15"]
[EventType "swiss (blitz)"]
[EventRounds "13"]
[EventCountry "COL"]
[SourceTitle "CBM 205 Extra"]
[Source "ChessBase"]
[SourceDate "2022.01.31"]
[SourceVersion "1"]
[SourceVersionDate "2022.01.31"]
[SourceQuality "1"]

1. e4 c5 2. Nc3 d6 3. g3 g6 4. Bg2 Bg7 5. d3 Nc6 6. Be3 Rb8 7. Qd2 b5 8. Nge2 b4 9. Nd1 Nd4 10. 0-0 Nxe2+ 11. Qxe2 Nf6 12. h3 0-0 13. f4 Ba6 14. g4 Qc7 15. a3 bxa3 16. Rxa3 Bb5 17. b3 Bc6 18. Nf2 a5 19. Rfa1 Ra8 20. Qe1 Nd7 21. R1a2 a4 22. bxa4 Rfb8 23. a5 Rb5 24. c4 Rb7 25. Bd2 Rab8 26. Bf1 Rb1 27. Qe2 Ra8 28. Kg2 Nb8 29. a6 Qa7 30. Bc3 Bxc3 31. Rxc3 Nxa6 32. Rca3 Rb6 33. g5 Qb8 34. Ng4 Nb4 35. Nh6+ Kg7 36. Rxa8 Bxa8 37. Rd2 Nc6 38. Qf2 Nd4 39. Ng4 Rb1 40. Kh2 Bc6 41. Bg2 Rb3 42. f5 d5+ 43. Kg1 dxe4 44. f6+ Kf8 45. fxe7+ Kxe7 46. Qf6+ Ke8 47. Ne5 Rb1+ 48. Bf1 Nf3+ 49. Nxf3 Qg3+ 50. Rg2 Rxf1+ 51. Kxf1 Qxf3+ 52. Qxf3 exf3 53. Ra2 Ke7 54. Ra7+ Ke6 55. Kf2 Bd7 56. h4 Bc6 57. Rc7 Ba4 58. Rxc5 f6 59. Kxf3 f5 60. Kf4 1-0

[Event "COL-ch Rapid"]
[Site "Villavicencio"]
[Date "2021.11.14"]
[Round "7"]
[White "Herrera, Juan Sebastian"]
[Black "Soto, Miguel Angel"]
[Result "1-0"]
[WhiteElo "2302"]
[BlackElo "2142"]
[PlyCount "63"]
[EventDate "2021.11.13"]
[EventType "swiss (rapid)"]
[EventRounds "9"]
[EventCountry "COL"]
[SourceTitle "CBM 205 Extra"]
[Source "ChessBase"]
[SourceDate "2022.01.31"]
[SourceVersion "1"]
[SourceVersionDate "2022.01.31"]
[SourceQuality "1"]

1. d4 Nf6 2. c4 g6 3. Nc3 d5 4. cxd5 Nxd5 5. e4 Nxc3 6. bxc3 Bg7 7. Nf3 c5 8. Rb1 0-0 9. Be2 cxd4 10. cxd4 Qa5+ 11. Qd2 Qxd2+ 12. Bxd2 Nc6 13. d5 Nd4 14. Nxd4 Bxd4 15. Bb4 Bf6 16. f4 a5 17. Ba3 Bc3+ 18. Kf2 Bb4 19. Bxb4 axb4 20. Bc4 b5 21. Bb3 Ra6 22. Rhd1 Bb7 23. Rbc1 e6 24. Rc7 Ba8 25. dxe6 fxe6 26. Ke3 Rf7 27. Rd8+ Kg7 28. Rcc8 Bb7 29. Rg8+ Kh6 30. Rc5 Rd6 31. g4 Rfd7 32. Rh5+ 1-0

[Event "Medellin Raza op"]
[Site "Medellin"]
[Date "2021.10.06"]
[Round "1"]
[White "Arias, Juan Carlos2222"]
[Black "Soto, Miguel Angel"]
[Result "0-1"]
[WhiteElo "1951"]
[BlackElo "2352"]
[PlyCount "80"]
[EventDate "2021.10.06"]
[EventType "swiss"]
[EventRounds "9"]
[EventCountry "COL"]
[SourceTitle "EXT 2023"]
[Source "ChessBase"]
[SourceDate "2022.10.05"]
[SourceVersion "1"]
[SourceVersionDate "2022.10.05"]
[SourceQuality "1"]

1. d4 Nf6 2. Nf3 g6 3. Nc3 d5 4. h3 Bg7 5. Bf4 0-0 6. e3 c5 7. Be2 Nc6 8. 0-0 Ne4 9. Bb5 cxd4 10. exd4 Nxc3 11. bxc3 Qa5 12. Bxc6 bxc6 13. Re1 Bf6 14. Qd2 Bf5 15. Be5 Be4 16. Bxf6 exf6 17. Nh2 Bf5 18. Ng4 Bxg4 19. hxg4 c5 20. dxc5 Qxc5 21. Re3 Qc4 22. Rh3 g5 23. Qd3 Qxd3 24. Rxd3 Rac8 25. Rb1 Rfe8 26. Rb7 Rc5 27. Rxa7 Re1+ 28. Kh2 Re2 29. f3 Rb5 30. c4 Rb2 31. Rxd5 Rbxc2 32. Rd8+ Kg7 33. Rdd7 Rxg2+ 34. Kh1 Rge2 35. Rd1 Rxc4 36. Kg1 Rc3 37. a4 Ra2 38. a5 Rxf3 39. Rdd7 Rg3+ 40. Kf1 Rxg4 0-1

[Event "Central America Carribean-ch U20"]
[Site "Pereira"]
[Date "2021.09.26"]
[Round "8"]
[White "Toro Castaneda, Miguel Angel"]
[Black "Soto, Miguel Angel"]
[Result "0-1"]
[WhiteElo "1985"]
[BlackElo "2361"]
[PlyCount "88"]
[EventDate "2021.09.21"]
[EventType "swiss"]
[EventRounds "9"]
[EventCountry "COL"]
[SourceTitle "EXT 2023"]
[Source "ChessBase"]
[SourceDate "2022.10.05"]
[SourceVersion "1"]
[SourceVersionDate "2022.10.05"]
[SourceQuality "1"]

1. e4 e6 2. d4 d5 3. Nd2 Be7 4. Bd3 dxe4 5. Nxe4 Nf6 6. Nf3 Nxe4 7. Bxe4 Nd7 8. Bd3 0-0 9. h4 c5 10. Ng5 Nf6 11. dxc5 h6 12. Qf3 Bxc5 13. Bd2 Qd5 14. Ne4 Nxe4 15. Bxe4 Qd4 16. c3 Qa4 17. b3 Qa6 18. Bxh6 f5 19. Bd3 Qb6 20. Bg5 e5 21. b4 e4 22. Bc4+ Be6 23. Bxe6+ Qxe6 24. Qe2 Bb6 25. 0-0 f4 26. Rae1 Rae8 27. Qc2 Kh8 28. Kh2 e3 29. fxe3 fxe3 30. Qe2 Kg8 31. Rf3 Qe5+ 32. Kh1 Qxc3 33. Ref1 Rxf3 34. Qxf3 Qc4 35. Re1 Qxb4 36. Qd5+ Kh8 37. Re2 Qe4 38. Qf7 Bc5 39. Bf4 Rf8 40. Qh5+ Qh7 41. Qg5 Bd4 42. Qg4 Qe4 43. Qh5+ Kg8 44. Bg3 Rf5 0-1

[Event "Central America Carribean-ch U20"]
[Site "Pereira"]
[Date "2021.09.22"]
[Round "2"]
[White "Soto, Miguel Angel"]
[Black "Mora Munoz, Alejandro"]
[Result "1-0"]
[WhiteElo "2361"]
[BlackElo "1890"]
[PlyCount "37"]
[EventDate "2021.09.21"]
[EventType "swiss"]
[EventRounds "9"]
[EventCountry "COL"]
[SourceTitle "EXT 2023"]
[Source "ChessBase"]
[SourceDate "2022.10.05"]
[SourceVersion "1"]
[SourceVersionDate "2022.10.05"]
[SourceQuality "1"]

1. e4 c5 2. Nf3 d6 3. d4 cxd4 4. Nxd4 Nf6 5. Nc3 a6 6. Bc4 e6 7. Bb3 b5 8. 0-0 Be7 9. Qf3 Qc7 10. Qg3 0-0 11. Bh6 Ne8 12. Rad1 Kh8 13. Bg5 Nf6 14. a3 Nc6 15. Nxc6 Qxc6 16. Nd5 Bd8 17. Nxf6 gxf6 18. Rxd6 Qc5 19. Bh6 1-0

[Event "COL-ch U18 final"]
[Site "Medellin"]
[Date "2021.06.19"]
[Round "5"]
[White "Soto, Miguel Angel"]
[Black "Hernandez, Jeronimo"]
[Result "1/2-1/2"]
[WhiteElo "2371"]
[BlackElo "2007"]
[PlyCount "122"]
[EventDate "2021.06.16"]
[EventType "swiss"]
[EventRounds "7"]
[EventCountry "COL"]
[SourceTitle "EXT 2022"]
[Source "ChessBase"]
[SourceDate "2021.10.06"]
[SourceVersion "1"]
[SourceVersionDate "2021.10.06"]
[SourceQuality "1"]

1. Nf3 d5 2. g3 Nf6 3. Bg2 c6 4. 0-0 Bg4 5. c4 Bxf3 6. Bxf3 e6 7. d3 dxc4 8. dxc4 Qxd1 9. Rxd1 Nbd7 10. Bf4 0-0-0 11. Nc3 e5 12. Bd2 Nb6 13. b3 Bb4 14. Rac1 h6 15. Nb1 Bxd2 16. Nxd2 Rhe8 17. Bg2 Nbd7 18. b4 c5 19. a3 Kc7 20. Nb3 e4 21. h3 g5 22. Rc3 b6 23. Re3 Ne5 24. Rc1 cxb4 25. axb4 Nc6 26. b5 Nd4 27. Nxd4 Rxd4 28. c5 Re6 29. f3 bxc5 30. Rxc5+ Kb6 31. Rf5 Rd5 32. g4 Rxf5 33. gxf5 Re5 34. fxe4 Kxb5 35. Rb3+ Kc6 36. Kf2 a5 37. Ke3 Nd7 38. Kd4 f6 39. Bf3 a4 40. Rb4 Nb6 41. e3 Kc7 42. Bh5 Ra5 43. Bf7 a3 44. Ba2 h5 45. Rb1 Ra4+ 46. Kd3 Nd7 47. Bd5 Kd6 48. Kc3 a2 49. Ra1 Nc5 50. Rxa2 Rxa2 51. Bxa2 Ke5 52. Kd2 Nxe4+ 53. Kd3 Nf2+ 54. Ke2 Nxh3 55. Bf7 h4 56. Kf3 Kxf5 57. Bh5 Ng1+ 58. Kg2 Ke4 59. Kxg1 Kxe3 60. Kg2 f5 61. Kh3 Kf4 1/2-1/2

[Event "Mexico City Fenamac IM-2 1st"]
[Site "Mexico City"]
[Date "2021.05.07"]
[Round "1"]
[White "Soto, Miguel Angel"]
[Black "Fernandez Hernandez, Arturo Augusto"]
[Result "1-0"]
[WhiteElo "2347"]
[BlackElo "2319"]
[PlyCount "75"]
[EventDate "2021.05.05"]
[EventType "tourn"]
[EventRounds "9"]
[EventCountry "MEX"]
[EventCategory "1"]
[SourceTitle "CBM 202 Extra"]
[Source "ChessBase"]
[SourceDate "2021.07.31"]
[SourceVersion "1"]
[SourceVersionDate "2021.07.31"]
[SourceQuality "1"]

1. e4 e5 2. Nf3 Nc6 3. Bb5 a6 4. Ba4 g6 5. c3 d6 6. d4 Bd7 7. d5 Nb8 8. c4 Bg7 9. Nc3 h6 10. h4 Nf6 11. Be3 Ng4 12. Bd2 0-0 13. h5 g5 14. Bc2 f5 15. exf5 Bxf5 16. Bxf5 Rxf5 17. Ne4 Qd7 18. Nfxg5 Rxg5 19. Qf3 Nxf2 20. Qxf2 Rf5 21. Qe2 Qe7 22. g4 Rf4 23. 0-0-0 Nd7 24. Rdg1 Raf8 25. g5 Kh8 26. gxh6 Bxh6 27. Rg6 Qh7 28. Rhg1 b6 29. Qg2 Nc5 30. Nxc5 Rxc4+ 31. Kb1 Bxd2 32. Ne6 Bh6 33. Nxf8 Bxf8 34. Ka1 Qf7 35. h6 Rf4 36. h7 Rh4 37. Rf6 Qg7 38. Rxf8+ 1-0

[Event "Mexico City Fenamac IM-2 1st"]
[Site "Mexico City"]
[Date "2021.05.07"]
[Round "4"]
[White "Soto, Miguel Angel"]
[Black "Martin Del Campo C, Roberto Abel"]
[Result "0-1"]
[WhiteElo "2347"]
[BlackElo "2290"]
[PlyCount "64"]
[EventDate "2021.05.05"]
[EventType "tourn"]
[EventRounds "9"]
[EventCountry "MEX"]
[EventCategory "1"]
[SourceTitle "CBM 202 Extra"]
[Source "ChessBase"]
[SourceDate "2021.07.31"]
[SourceVersion "1"]
[SourceVersionDate "2021.07.31"]
[SourceQuality "1"]

1. c4 g6 2. g3 Bg7 3. Bg2 Nf6 4. Nc3 d6 5. Nf3 0-0 6. 0-0 Nc6 7. Rb1 a5 8. a3 e5 9. d3 Nd4 10. b4 axb4 11. axb4 c6 12. Bg5 h6 13. Bxf6 Bxf6 14. b5 Be6 15. e3 Nxf3+ 16. Qxf3 Ra3 17. Rfc1 Rxc3 18. Rxc3 e4 19. Qxe4 Bf5 20. Qf4 Bxc3 21. bxc6 bxc6 22. Bxc6 Bxd3 23. Rd1 Qb6 24. Bd5 Be2 25. Qxh6 Bxd1 26. Qxg6+ Bg7 27. Qf5 Be2 28. h4 Qb4 29. Be4 Rb8 30. h5 Qe1+ 31. Kg2 Bf1+ 32. Kh2 Rb2 0-1

[Event "Mexico City Fenamac IM-2 1st"]
[Site "Mexico City"]
[Date "2021.05.06"]
[Round "3"]
[White "Soto, Miguel Angel"]
[Black "Garcia De Dios, Jose Antonio"]
[Result "1-0"]
[WhiteElo "2347"]
[BlackElo "2206"]
[PlyCount "78"]
[EventDate "2021.05.05"]
[EventType "tourn"]
[EventRounds "9"]
[EventCountry "MEX"]
[EventCategory "1"]
[SourceTitle "EXT 2022"]
[Source "ChessBase"]
[SourceDate "2021.10.06"]
[SourceVersion "1"]
[SourceVersionDate "2021.10.06"]
[SourceQuality "1"]

1. e4 e6 2. d4 d5 3. Nc3 Bb4 4. e5 c5 5. a3 Bxc3+ 6. bxc3 Ne7 7. Nf3 Qa5 8. Bd2 Qa4 9. Qb1 c4 10. Be2 Nbc6 11. 0-0 Bd7 12. g3 0-0-0 13. Nh4 f6 14. exf6 gxf6 15. Re1 Ng6 16. Nf3 e5 17. dxe5 fxe5 18. Bg5 Rde8 19. Qd1 Qa5 20. Qd2 e4 21. Nd4 Rhf8 22. a4 a6 23. Reb1 Nxd4 24. Qxd4 Ne5 25. Be3 Bc6 26. Rb4 Qc7 27. Rab1 Nf3+ 28. Bxf3 exf3 29. Qa7 h5 30. h4 Re4 31. Qa8+ Qb8 32. Qxa6 Rf6 33. Rxb7 Bxb7 34. Qxf6 Qe5 35. Qxf3 Bc6 36. Qf8+ Qe8 37. Qd6 Bb7 38. Bf4 Re1+ 39. Kh2 Bc6 1-0

[Event "Medellin Tierra de Atletas-B"]
[Site "Medellin"]
[Date "2020.12.12"]
[Round "4"]
[White "Soto, Miguel Angel"]
[Black "Escobar Medina, Andres F"]
[Result "1/2-1/2"]
[WhiteElo "2291"]
[BlackElo "2278"]
[PlyCount "38"]
[EventDate "2020.12.10"]
[EventType "tourn"]
[EventRounds "11"]
[EventCountry "COL"]
[EventCategory "2"]
[SourceTitle "CBM 199 Extra"]
[Source "ChessBase"]
[SourceDate "2021.01.31"]
[SourceVersion "1"]
[SourceVersionDate "2021.01.31"]
[SourceQuality "1"]

1. d4 Nf6 2. c4 e6 3. Nc3 Bb4 4. Qc2 0-0 5. e4 d5 6. e5 Ne4 7. Bd3 c5 8. Nf3 cxd4 9. Nxd4 Nd7 10. Bf4 Ndc5 11. 0-0 Bxc3 12. bxc3 Bd7 13. Bxe4 dxe4 14. Qe2 Qa5 15. Nb3 Nxb3 16. axb3 Qxc3 17. Qxe4 Qxb3 18. Be3 Bc6 19. Qg4 Qd3 1/2-1/2

[Event "Medellin Tierra de Atletas-B"]
[Site "Medellin"]
[Date "2020.12.11"]
[Round "2"]
[White "Soto, Miguel Angel"]
[Black "Argote Heredia, Valentina"]
[Result "0-1"]
[WhiteElo "2291"]
[BlackElo "2192"]
[PlyCount "98"]
[EventDate "2020.12.10"]
[EventType "tourn"]
[EventRounds "11"]
[EventCountry "COL"]
[EventCategory "2"]
[SourceTitle "CBM 199 Extra"]
[Source "ChessBase"]
[SourceDate "2021.01.31"]
[SourceVersion "1"]
[SourceVersionDate "2021.01.31"]
[SourceQuality "1"]

1. d4 Nf6 2. c4 e6 3. Nf3 b6 4. g3 Ba6 5. b3 d5 6. Bg2 Bb4+ 7. Bd2 Be7 8. Ne5 0-0 9. 0-0 c5 10. Bc3 Bb7 11. Nd2 Nc6 12. dxc5 Bxc5 13. e3 Rc8 14. Ng4 Be7 15. Bxf6 Bxf6 16. Nxf6+ Qxf6 17. cxd5 exd5 18. Bxd5 Rcd8 19. e4 Ba6 20. Nc4 Nb4 21. Qd2 Nxd5 22. exd5 Qf3 23. Rfd1 Bb7 24. Qe3 Qh5 25. Qe7 Rxd5 26. Re1 Ba8 27. Rac1 Qh3 28. Qh4 Qd7 29. Qe7 Qh3 30. Qh4 Qxh4 31. gxh4 Rd4 32. Re7 Rg4+ 33. Kf1 Rxh4 34. Rxa7 Rxh2 35. Rc3 b5 36. Nd6 h5 37. Nxb5 h4 38. Nc7 Rh1+ 39. Ke2 Bg2 40. f3 Rf1 41. Ra4 h3 42. Rh4 g5 43. Rh5 f6 44. Re3 Rd8 45. f4 Rc1 46. Re7 Rc2+ 47. Ke3 Rc3+ 48. Kf2 Rd2+ 49. Ke1 Rxa2 0-1

[Event "COL-ch"]
[Site "Fusagasuga"]
[Date "2020.12.06"]
[Round "9"]
[White "Soto, Miguel Angel"]
[Black "Rios, Cristhian Camilo"]
[Result "1-0"]
[WhiteElo "2291"]
[BlackElo "2464"]
[PlyCount "82"]
[EventDate "2020.12.01"]
[EventType "tourn"]
[EventRounds "11"]
[EventCountry "COL"]
[EventCategory "6"]
[SourceTitle "CBM 199 Extra"]
[Source "ChessBase"]
[SourceDate "2021.01.31"]
[SourceVersion "1"]
[SourceVersionDate "2021.01.31"]
[SourceQuality "1"]

1. d4 Nf6 2. c4 e6 3. Nf3 d5 4. Nc3 Bb4 5. Bg5 h6 6. Bh4 dxc4 7. e3 b5 8. a4 c6 9. Be2 Nbd7 10. 0-0 Qb6 11. Qc2 0-0 12. Bxf6 Nxf6 13. Ne5 a6 14. Ne4 Be7 15. Nxc6 Nd5 16. Nxe7+ Nxe7 17. axb5 Qxb5 18. Qxc4 Rb8 19. Qxb5 axb5 20. Ra7 Nd5 21. Rc1 Rd8 22. Bh5 g6 23. Bf3 b4 24. h3 Bd7 25. Nd6 Nb6 26. Rcc7 Kf8 27. Ne4 Be8 28. Nf6 Nc8 29. Ra5 Nd6 30. Ne4 Nb5 31. Rc5 Rdc8 32. Be2 Rxc5 33. Nxc5 Nd6 34. Kf1 Nb7 35. Nxb7 Rxb7 36. Ke1 Bc6 37. f3 Ke7 38. Kd2 Kd6 39. Bc4 f6 40. Ra6 Rc7 41. Bb5 Kd5 1-0

[Event "Wch FIDE Online U18 America qual"]
[Site "Tornelo INT"]
[Date "2020.12.04"]
[Round "7"]
[White "Talukdar, Rohan Shyam"]
[Black "Soto, Miguel Angel"]
[Result "1-0"]
[WhiteElo "2341"]
[BlackElo "2142"]
[PlyCount "55"]
[EventDate "2020.12.01"]
[EventType "swiss (rapid)"]
[EventRounds "7"]
[EventCountry "ISS"]
[SourceTitle "EXT 2022"]
[Source "ChessBase"]
[SourceDate "2021.10.06"]
[SourceVersion "1"]
[SourceVersionDate "2021.10.06"]
[SourceQuality "1"]

1. b3 d5 2. Bb2 Bg4 3. d4 Nf6 4. Nd2 g6 5. Ngf3 Bg7 6. e3 0-0 7. h3 Bf5 8. c4 c6 9. Be2 Ne4 10. 0-0 h5 11. Nxe4 Bxe4 12. Nd2 Bf5 13. Bf3 Na6 14. a3 Rc8 15. Qe2 Nc5 16. Rfd1 Ne4 17. Bxe4 Bxe4 18. Nxe4 dxe4 19. d5 Bxb2 20. Qxb2 Qb6 21. dxc6 Qxc6 22. Rd4 e6 23. Rad1 b5 24. Qc2 bxc4 25. bxc4 f5 26. Qc3 Rc7 27. Rd8 Rc8 28. R1d7 1-0